000 00409cam a22001217a 4500
008 180718b1988 xxu||||| |||| 00| 0 eng d
082 _aA81x54 In2/81/16/PT10B/T
100 _aCensus of India 1981
245 _aOrissa: special survey reports on selected towns, Talcher
260 _aDelhi
_bThe Controller of Publications
_c1988
300 _a279+p.
440 _aCensus of India 1981. Series-16, Orissa. Part-XB
999 _c483186
_d483186